000 00576cam a22002053a 4500
001 45372
003 PGUSA
005 20140828084040.0
008 140413s2014||||xxu|||||s|||||000 | eng d
040 _aPGUSA
_beng
042 _adc
100 1 _aHaworth, M. E.
245 1 0 _aRoad Scrapings :
_bCoaches and Coaching
_h[electronic resource] /
_cM. E. Haworth
260 _bProject Gutenberg,
_c2014
506 _aPublic domain in the USA.
516 _aElectronic text
830 0 _aProject Gutenberg
_v45372
856 4 0 _uhttp://www.gutenberg.org/ebooks/45372
942 _cEB
999 _c274623
_d274623